00290nam a2200121Ia 4500008004100000041000900041082001500050100001600065245002900081260004100110300000900151650000800160230718s9999 xx 000 0 und d aEng. a341bPAT-A aPaton, G. W 2aA Textbook of Juris fuck aPakistanbOrfield mively pues c2007 a6.59 aLaw